Научно-технический перевод; Английский и русский языки

Bibliografiske detaljer
Hovedforfatter: Волкова З. Н. Злата Николаевна
Institution som forfatter: Университет Российской Академии образования
Sprog:russisk
engelsk
Udgivet: Москва, Изд-во УРАО, 2002-
Udgivelse:2-е изд.
Format: Bog
KOHA link:https://koha.lib.tpu.ru/cgi-bin/koha/opac-detail.pl?biblionumber=48293

MARC

LEADER 00000nam1a2200000 4500
001 48293
005 20231031031349.0
035 |a (RuTPU)RU\TPU\book\50574 
090 |a 48293 
100 |a 20030314d2002 m y0rusy50 ca 
101 0 |a rus  |a eng 
102 |a RU 
200 1 |a Научно-технический перевод  |a Английский и русский языки 
205 |a 2-е изд. 
210 |a Москва  |c Изд-во УРАО  |d 2002- 
686 |a Ш143.21-923.7  |v LBC/SL-A  |2 rubbk 
700 1 |a Волкова  |b З. Н.  |g Злата Николаевна 
712 0 2 |a Университет Российской Академии образования  |2 stltpush  |3 (RuTPU)RU\TPU\col\70 
801 1 |a RU  |b 63413507  |c 20030314  |g PSBO 
801 2 |a RU  |b 63413507  |c 20030314  |g PSBO 
942 |c BK